| 000 | 00442nam a2200157 a 4500 | ||
|---|---|---|---|
| 005 | 20140412111428.0 | ||
| 008 | 090225s19uu xx 00 eng d | ||
| 020 | _a0-439-02562-1 | ||
| 050 |
_aTR(GS E _bBr73 2007 |
||
| 100 | _aBuckingham, Matt | ||
| 245 |
_aThe Bravest Fish / : _cMatt Buckingham. _bOriginally titled Bright Stanley / |
||
| 260 |
_aNew York : _bScholastic, _c2007. |
||
| 300 | _aunp. | ||
| 999 |
_c106301 _d106301 |
||